Verejné oblasti a viackriteriálna volebná hra

V proporcionálnom (pomernom) volebnom systéme je veľmi nízka pravdepodobnosť volebného víťazstva len jednej politickej strany, je preto nevyhnutné vytvárať vládne koalície. Vytvorená koalícia musí byť víťazná v tom zmysle, aby mohla presadzovať vlastné záujmy (disponovať nadpolovičnou alebo ústavnou...

Full description

Saved in:
Bibliographic Details
Main Author: Čičková, Zuzana, 1978-
Other Authors: Chuguryan, Simona, 1977-
Format: Book Chapter
Language:Slovak
Subjects:
Tags: Add Tag
No Tags, Be the first to tag this record!

MARC

LEADER 00000naa$a2200000$$$4500
001 0290126
005 20240502074443.4
041 0 |a slo 
044 |a SK 
245 1 0 |a Verejné oblasti a viackriteriálna volebná hra  |c Zuzana Čičková, Simona Chuguryan 
520 |a V proporcionálnom (pomernom) volebnom systéme je veľmi nízka pravdepodobnosť volebného víťazstva len jednej politickej strany, je preto nevyhnutné vytvárať vládne koalície. Vytvorená koalícia musí byť víťazná v tom zmysle, aby mohla presadzovať vlastné záujmy (disponovať nadpolovičnou alebo ústavnou väčšinou hlasov v parlamente). V tomto príspevku budeme prezentovať viackriteriálnu volebnú hru. Volebné hry sa študujú v rámci kooperatívnej teórie hier. Viackriteriálne hry sú hry s vektorovými funkciami platieb, pričom ich podstata spočíva v rozšírení počtu kritérií, ktoré hráči zvažujú (oproti štandardným jednokriteriálnym hrám). Zameriame sa najmä na možné formovanie koalície z hľadiska blízkosti politického programu členov koalície zahŕňajúceho viacero verejných oblastí. Okrem toho predpokladáme, že členovia koalície zvažujú vlastnú silu v rámci koalície a tiež koaličnú stabilitu s cieľom, čo najväčšieho zisku. 
610 2 0 |a teória hier 
610 2 0 |a rozhodovanie viackriteriálne 
610 2 0 |a voľby 
610 2 0 |a koalícia 
610 2 0 |a programy politické 
100 1 |a Čičková, Zuzana, 1978- 
700 1 |a Chuguryan, Simona, 1977-